[Event "DVM U14w 2011"]
[Site "Arendsee (Altmark) GER"]
[Date "2011.12.27"]
[Round "1"]
[White "Köhler, Inken"]
[Black "Hendus, Isabelle"]
[Result "1-0"]
[Termination "normal"]
[Board "6.3"]
[WhiteElo "1261"]
[BlackElo "1081"]
[WhiteTeam "Tura Harksheide"]
[BlackTeam "SV Breitenworbis"]
[WhiteFideId "12929301"]
[BlackFideId "12964530"]
[EventCountry "GER"]
[EventRounds "7"]
[EventType "team-swiss"]
[EventDate "2011.12.26"]

1. e4 e5 2. Nf3 d6 3. Nc3 Nf6 4. Bc4 Be7 5. d3 O-O 6. Bg5 c6 7. O-O Nbd7 8. Re1
h6 9. Bh4 Nb6 10. Bb3 Qc7 11. d4 exd4 12. Nxd4 a5 13. a4 c5 14. Ncb5 Qd7 15.
Nf5 Rd8 16. Bxf6 Bxf6 17. Nbxd6 c4 18. Nxc4 Qxd1 19. Raxd1 Rxd1 20. Rxd1 Nxc4
21. Bxc4 Bxb2 22. Rd8+ Kh7 23. Ne7 Bf6 24. Rxc8 Rxc8 25. Nxc8 Kg8 26. Bd5 Bc3
27. Kf1 Be5 28. h3 g6 29. Bxb7 f5 30. exf5 gxf5 31. c4 Bd4 32. Ne7+ Kf8 33.
Nxf5 Bg7 34. Nxg7 Kxg7 35. c5 1-0

[Event "DVM U14w 2011"]
[Site "Arendsee (Altmark) GER"]
[Date "2011.12.27"]
[Round "1"]
[White "Diederich, Lena"]
[Black "Harten, Janina"]
[Result "1-0"]
[Termination "normal"]
[Board "6.4"]
[WhiteElo "916"]
[BlackElo "847"]
[WhiteTeam "SV Breitenworbis"]
[BlackTeam "Tura Harksheide"]
[WhiteFideId "12964549"]
[EventCountry "GER"]
[EventRounds "7"]
[EventType "team-swiss"]
[EventDate "2011.12.26"]

1. e4 c6 2. d4 d5 3. exd5 cxd5 4. Bd3 Nc6 5. Ne2 Bg4 6. c3 e5 7. dxe5 Nxe5 8.
Bb5+ Nc6 9. O-O a6 10. Ba4 b5 11. Bb3 Nf6 12. Re1 Be7 13. Qd3 Ne5 14. Qd2 Bf3
15. Qg5 Nc6 16. gxf3 Rg8 17. Nf4 h6 18. Qf5 Kf8 19. Nxd5 g6 20. Bxh6+ Ke8 21.
Rxe7+ Nxe7 22. Qxf6 Ra7 23. Nd2 g5 24. Nxe7 Rxe7 25. Qc6+ Qd7 26. Qa8+ Qd8 27.
Qc6+ Qd7 28. Qxd7+ Rxd7 29. Re1+ Kd8 30. Ne4 Rg6 31. Bxg5+ Kc7 32. Kf1 b4 33.
Bf4+ Kd8 34. Rd1 Rxd1+ 35. Bxd1 bxc3 36. Nxc3 a5 37. Bb3 f6 38. h4 a4 39. Bxa4
f5 40. Bc2 Rf6 41. h5 Ke8 42. a4 Ra6 43. Bxf5 Kf8 44. h6 Rf6 45. h7 Kg7 46. Be5
Kf7 47. Bxf6 Kxf6 48. h8=Q+ Kxf5 49. Qd4 Ke6 50. Qd5+ Kf6 51. Ne4+ Kg6 52. Kg2
Kg7 53. Qe6 Kh8 54. Qe7 Kg8 55. Nf6+ Kh8 56. Qh7# 1-0

[Event "DVM U14w 2011"]
[Site "Arendsee (Altmark) GER"]
[Date "2011.12.27"]
[Round "1"]
[White "Rosmait, Emily"]
[Black "Siegl, Melina"]
[Result "0-1"]
[Termination "normal"]
[Board "7.1"]
[WhiteElo "1537"]
[BlackElo "1771"]
[WhiteTeam "Lübecker SV"]
[BlackTeam "SC 1923 Bechhofen"]
[WhiteFideId "12937754"]
[BlackFideId "1272126"]
[EventCountry "GER"]
[EventRounds "7"]
[EventType "team-swiss"]
[EventDate "2011.12.26"]

1. e4 c5 2. Nf3 Nc6 3. d4 cxd4 4. Nxd4 Nf6 5. Nc3 e6 6. Be3 Bb4 7. Bd3 Ne5 8.
Bd2 Nxd3+ 9. cxd3 O-O 10. O-O d5 11. Nde2 b6 12. a3 Bxc3 13. Nxc3 h6 14. Bf4
Ba6 15. Re1 Rc8 16. Qf3 d4 17. Ne2 Qd7 18. Be5 Nh7 19. Bxd4 Qb5 20. Qg4 e5 21.
Bc3 Rc6 22. Nf4 Nf6 23. a4 Qc5 24. Qg3 exf4 25. Qxf4 Nh5 26. Qh4 Rg6 27. e5 Qd5
28. Re4 Bxd3 29. Rg4 Rxg4 30. Qxg4 Bg6 31. Rd1 Qe4 32. Qd7 Nf4 33. f3 Qe3+ 34.
Kh1 Qf2 35. Qg4 Ne2 36. Qc4 Bc2 37. Re1 Nxc3 38. Qxc3 Rd8 39. h3 Bxa4 40. Qc1
Kh7 41. Qc3 Rd2 42. Rg1 Bd7 43. Kh2 Bf5 44. b4 Rc2 45. Qa3 Qe2 46. Qxa7 Qxe5+
47. Kh1 Bxh3 48. Qxf7 Bxg2+ 49. Rxg2 Qe1+ 50. Kh2 Qh4+ 51. Kg1 Rc1# 0-1

[Event "DVM U14w 2011"]
[Site "Arendsee (Altmark) GER"]
[Date "2011.12.27"]
[Round "1"]
[White "Alsheimer, Lea"]
[Black "Zech, Anna"]
[Result "0-1"]
[Termination "normal"]
[Board "7.2"]
[WhiteElo "1287"]
[BlackElo "1176"]
[WhiteTeam "SC 1923 Bechhofen"]
[BlackTeam "Lübecker SV"]
[WhiteFideId "12918180"]
[BlackFideId "12909424"]
[EventCountry "GER"]
[EventRounds "7"]
[EventType "team-swiss"]
[EventDate "2011.12.26"]

1. d4 Nf6 2. Nf3 g6 3. Nc3 d5 4. Bf4 Bd7 5. Qd2 Bg7 6. Bh6 O-O 7. O-O-O Nc6 8.
h4 Bxh6 9. Qxh6 Ng4 10. Qg5 Nxf2 11. Qh6 f6 12. h5 g5 13. Nxg5 fxg5 14. Qxg5+
Kh8 15. Rh4 Nxd1 16. Nxd1 Rxf1 17. Qxd5 e6 18. Qe4 Qe7 19. Rg4 Raf8 20. h6 e5
21. Rg7 Bf5 22. Qd5 Rd8 23. Qb5 Qd6 24. e4 Re1 25. Rf7 Bxe4 26. Rf1 Qxh6+ 27.
Kb1 Nxd4 28. Qxe5+ Qg7 29. Qxg7+ Kxg7 30. Rxe1 Bxc2+ 31. Kc1 Bxd1 32. Rxd1 Ne2+
33. Kc2 Rxd1 34. Kxd1 Nf4 35. g3 Nd5 36. Kd2 c5 37. b3 b5 38. a4 a6 39. Kd3 Kf6
40. Ke4 Ke6 41. g4 h6 42. Kd3 Nb6 0-1

[Event "DVM U14w 2011"]
[Site "Arendsee (Altmark) GER"]
[Date "2011.12.27"]
[Round "1"]
[White "Kusanowa, Maria"]
[Black "Böse, Christina"]
[Result "0-1"]
[Termination "normal"]
[Board "7.3"]
[WhiteElo "890"]
[BlackElo "1112"]
[WhiteTeam "Lübecker SV"]
[BlackTeam "SC 1923 Bechhofen"]
[BlackFideId "12929654"]
[EventCountry "GER"]
[EventRounds "7"]
[EventType "team-swiss"]
[EventDate "2011.12.26"]

1. e4 e5 2. Nf3 Nc6 3. Nc3 Nf6 4. Bc4 Nxe4 5. d3 Nxc3 6. bxc3 d6 7. O-O Bg4 8.
Ba3 d5 9. Bxf8 Rxf8 10. Bb5 Qf6 11. Rb1 e4 12. dxe4 dxe4 13. Bxc6+ Qxc6 14. Nd4
Bxd1 15. Nxc6 Bxc2 16. Rb2 bxc6 17. Rxc2 O-O-O 18. h3 Rd6 19. Re1 f5 20. c4
Rfd8 21. Rcc1 Rd2 22. a3 R8d3 23. a4 Ra3 24. Rb1 Rxa4 25. Rb3 Rxc4 26. Reb1 Kd7
27. Ra3 f4 28. Rxa7 e3 29. fxe3 fxe3 30. Kf1 Rf4+ 31. Ke1 Rxg2 32. Rd1+ Ke6 33.
Rxc7 Rg1+ 34. Ke2 Rxd1 35. Kxd1 Kd5 36. Rd7+ Ke4 37. Rxg7 Kf3 38. Ke1 Rd4 39.
Rf7+ Rf4 40. Rxh7 c5 41. Rc7 c4 42. Rc6 e2 43. Ra6 c3 44. Ra3 Rc4 45. h4 Ke4
46. Kxe2 c2 47. Kd2 c1=Q+ 48. Ke2 Qxa3 49. h5 Rc2+ 50. Kd1 Qc1# 0-1

[Event "DVM U14w 2011"]
[Site "Arendsee (Altmark) GER"]
[Date "2011.12.27"]
[Round "1"]
[White "Böse, Carolin"]
[Black "Mushket, Alexsandra"]
[Result "1-0"]
[Termination "normal"]
[Board "7.4"]
[WhiteElo "969"]
[BlackElo "800"]
[WhiteTeam "SC 1923 Bechhofen"]
[BlackTeam "Lübecker SV"]
[WhiteFideId "12929646"]
[EventCountry "GER"]
[EventRounds "7"]
[EventType "team-swiss"]
[EventDate "2011.12.26"]

1. e4 e5 2. Bc4 Nf6 3. Nf3 Nc6 4. Ng5 d5 5. exd5 Nxd5 6. d3 Bc5 7. Nc3 Be6 8.
O-O O-O 9. Qf3 Qf6 10. Nxd5 Qxf3 11. Nxf3 Bxd5 12. Bxd5 Nd4 13. Nxd4 exd4 14.
Bf4 c6 15. Be4 Rfe8 16. c3 dxc3 17. bxc3 Rad8 18. Rad1 Bd6 19. Bxd6 Rxd6 20.
Rfe1 c5 21. Bxh7+ Kf8 22. h3 Rh6 23. Bf5 Ree6 24. Bxe6 fxe6 25. d4 c4 26. Re3
Kg8 27. Rde1 b5 28. a3 a5 29. Rxe6 Rh5 30. Re8+ Kh7 31. Rb8 g6 32. Re7+ Kh6 33.
Rxb5 Rxb5 34. a4 Rb3 35. Re3 Ra3 36. d5 Rxa4 37. d6 Rb4 38. cxb4 axb4 39. d7 c3
40. d8=Q c2 41. Qh8+ Kg5 42. Qb2 1-0

[Event "DVM U14w 2011"]
[Site "Arendsee (Altmark) GER"]
[Date "2011.12.27"]
[Round "1"]
[White "Höschen, Franziska"]
[Black "Reyher, Susan"]
[Result "1-0"]
[Termination "normal"]
[Board "8.1"]
[WhiteElo "1377"]
[BlackElo "1341"]
[WhiteTeam "SF Paderborn"]
[BlackTeam "SV Gryps"]
[BlackFideId "24686107"]
[EventCountry "GER"]
[EventRounds "7"]
[EventType "team-swiss"]
[EventDate "2011.12.26"]

1. e4 e5 2. Nf3 Nc6 3. Bb5 Bc5 4. O-O d6 5. h3 Nf6 6. Re1 Be6 7. c3 Qd7 8. d4
exd4 9. cxd4 Bb4 10. Bd2 Bxd2 11. Nbxd2 a6 12. Ba4 b5 13. Bb3 Bxb3 14. Qxb3 O-O
15. Rac1 Rfe8 16. Qc3 Nb8 17. Qxc7 Ra7 18. Qxd7 Rxd7 19. Rc3 Rde7 20. e5 Nd5
21. Rcc1 dxe5 22. Rxe5 Rxe5 23. Nxe5 f6 24. Nc6 Nxc6 25. Rxc6 Nb4 26. Rb6 Re2
27. Nf3 Rxb2 28. a3 Rb1+ 29. Kh2 Nd3 30. Rxa6 Nxf2 31. Rb6 Rh1+ 32. Kg3 Ne4+
33. Kf4 Nc3 34. Rc6 Nb1 35. Ra6 Rc1 36. a4 bxa4 37. Rxa4 Nc3 38. Ra7 Nd5+ 39.
Ke4 Nc7 40. d5 Nb5 41. Rd7 Rd1 42. Kf5 Nd4+ 43. Nxd4 Rxd4 44. d6 Rd5+ 45. Ke4
Re5+ 46. Kd4 Re8 47. Kd5 h6 48. Rc7 Rd8 49. d7 Kf7 50. Kd6 Ra8 51. d8=Q+ 1-0

[Event "DVM U14w 2011"]
[Site "Arendsee (Altmark) GER"]
[Date "2011.12.27"]
[Round "1"]
[White "Wagner, Swenja"]
[Black "Bürger, Jessica"]
[Result "0-1"]
[Termination "normal"]
[Board "8.2"]
[WhiteElo "1249"]
[BlackElo "1270"]
[WhiteTeam "SV Gryps"]
[BlackTeam "SF Paderborn"]
[WhiteFideId "12900494"]
[BlackFideId "12917974"]
[EventCountry "GER"]
[EventRounds "7"]
[EventType "team-swiss"]
[EventDate "2011.12.26"]

1. e4 e5 2. Nc3 Nf6 3. Bc4 Nc6 4. d3 h6 5. f4 exf4 6. Bxf4 Bb4 7. Nge2 d6 8.
Qd2 Bg4 9. h3 Bxe2 10. Qxe2 Nd4 11. Qf2 Bc5 12. Na4 Nh5 13. Be5 Ne6 14. Nxc5
dxc5 15. Bxe6 fxe6 16. Qxc5 Qg5 17. Qxc7 O-O 18. Kd1 Rac8 19. Qd6 Rc6 20. Qd4
Rd8 21. Qxa7 Qxe5 22. Qxb7 Rdc8 23. Rc1 Ng3 24. Re1 Rc5 25. a4 Rb8 26. Qd7 Rxb2
27. d4 Qh5+ 28. Kd2 Ra5 29. Qd8+ Kh7 30. e5 Rd5 31. Qc7 Rxd4+ 32. Kc3 Rbb4 33.
Qe7 Rxa4 34. Qxe6 Ne4+ 35. Rxe4 Rxe4 36. Qe7 Rxe5 37. Qd6 Rc5+ 38. Kb3 Rac4 39.
Qd3+ Qg6 40. Qxc4 Rxc4 41. Kxc4 Qxg2 42. Kb3 Qxh3+ 43. Kb2 g5 44. c4 g4 45. c5
g3 46. c6 h5 47. c7 Qc8 48. Rc4 g2 0-1

[Event "DVM U14w 2011"]
[Site "Arendsee (Altmark) GER"]
[Date "2011.12.27"]
[Round "1"]
[White "Schrödter, Lisa"]
[Black "Melüh, Vanessa"]
[Result "1-0"]
[Termination "normal"]
[Board "8.3"]
[WhiteElo "1104"]
[BlackElo "800"]
[WhiteTeam "SF Paderborn"]
[BlackTeam "SV Gryps"]
[EventCountry "GER"]
[EventRounds "7"]
[EventType "team-swiss"]
[EventDate "2011.12.26"]

1. e4 e5 2. Nf3 Nc6 3. Bc4 Bc5 4. Nc3 Nf6 5. d3 d6 6. O-O Bg4 7. h3 Bh5 8. Be3
Nd7 9. Nd5 O-O 10. Qe2 Re8 11. Bxc5 Nxc5 12. Qe3 Rc8 13. c3 Qd7 14. Qg5 Qd8 15.
Qxh5 g6 16. Qg5 Nxd3 17. Bxd3 f6 18. Nxf6+ Kg7 19. Nxe8+ Qxe8 20. Nd2 Nd8 21.
f4 exf4 22. Rxf4 Ne6 23. Qf6+ Kh6 24. Rh4# 1-0

[Event "DVM U14w 2011"]
[Site "Arendsee (Altmark) GER"]
[Date "2011.12.27"]
[Round "1"]
[White "Decker, Martha"]
[Black "Thölke, Nina"]
[Result "0-1"]
[Termination "normal"]
[Board "8.4"]
[WhiteElo "800"]
[BlackElo "1013"]
[WhiteTeam "SV Gryps"]
[BlackTeam "SF Paderborn"]
[EventCountry "GER"]
[EventRounds "7"]
[EventType "team-swiss"]
[EventDate "2011.12.26"]

1. e4 e5 2. Nc3 Nf6 3. Nf3 Nc6 4. d3 h6 5. Bf4 exf4 6. Be2 Bc5 7. O-O O-O 8. b3
d6 9. Re1 Nd4 10. Kh1 Nxf3 11. Bxf3 Bxf2 12. Rf1 Bd4 13. Qd2 Re8 14. Rae1 Be3
15. Qxe3 fxe3 16. Rxe3 Bg4 17. Rf2 Bxf3 18. Rfxf3 d5 19. Rf4 d4 20. Kg1 dxe3
21. Rf1 Qd4 22. Nd1 e2+ 23. Rf2 e1=Q# 0-1

[Event "DVM U14w 2011"]
[Site "Arendsee (Altmark) GER"]
[Date "2011.12.27"]
[Round "1"]
[White "Holschuh, Luisa"]
[Black "Ley, Sabrina"]
[Result "0-1"]
[Termination "normal"]
[Board "9.1"]
[WhiteElo "998"]
[BlackElo "1324"]
[WhiteTeam "SV 1926 Riegelsberg"]
[BlackTeam "Turm Lahnstein"]
[WhiteFideId "12951978"]
[BlackFideId "12938130"]
[EventCountry "GER"]
[EventRounds "7"]
[EventType "team-swiss"]
[EventDate "2011.12.26"]

1. e4 c5 2. Bc4 Nc6 3. Nf3 d6 4. d4 cxd4 5. Nxd4 Nf6 6. Nc3 e6 7. Bg5 Be7 8.
O-O Qb6 9. Nxc6 bxc6 10. Rb1 Nxe4 11. Nxe4 d5 12. Be3 Qc7 13. Bd3 dxe4 14. Bxe4
O-O 15. Qh5 g6 16. Qf3 Bb7 17. b4 a6 18. a4 Rab8 19. a5 c5 20. c3 cxb4 21. cxb4
Bxe4 22. Qxe4 Qb7 23. Qxb7 Rxb7 24. Bc5 Bxc5 25. bxc5 Rxb1 26. Rxb1 Rc8 27. Rc1
Kf8 28. Kf1 Ke7 29. Ke2 Kd7 30. Kd3 Kc6 31. Kc4 Rb8 32. Rd1 Rb5 33. Rd6+ Kb7
34. Rb6+ Rxb6 35. axb6 Kc6 36. Kd4 f6 37. f4 a5 38. Kc3 e5 39. Kc2 e4 40. g4 a4
41. h4 e3 42. h5 g5 43. fxg5 fxg5 44. Kd3 a3 45. Kxe3 a2 46. Ke4 a1=Q 47. Kf5
Qg7 48. b7 Kxb7 49. c6+ Kxc6 50. Ke4 Qf7 51. Ke5 Qf4+ 52. Ke6 Qxg4+ 53. Ke5
Qxh5 54. Ke4 g4 55. Ke3 g3 56. Kf4 g2 57. Ke4 g1=Q 58. Kf4 Qf7+ 59. Ke4 Qe1+
60. Kd4 Qd5# 0-1

[Event "DVM U14w 2011"]
[Site "Arendsee (Altmark) GER"]
[Date "2011.12.27"]
[Round "1"]
[White "Weiten, Katharina"]
[Black "Rau, Jennifer"]
[Result "1-0"]
[Termination "normal"]
[Board "9.3"]
[WhiteElo "755"]
[BlackElo "1215"]
[WhiteTeam "SV 1926 Riegelsberg"]
[BlackTeam "Turm Lahnstein"]
[WhiteFideId "12971979"]
[BlackFideId "12983276"]
[EventCountry "GER"]
[EventRounds "7"]
[EventType "team-swiss"]
[EventDate "2011.12.26"]

1. e4 e5 2. Nf3 Nc6 3. Nc3 Nf6 4. d4 exd4 5. Nxd4 Nxd4 6. Qxd4 b6 7. Bg5 h6 8.
Bh4 g5 9. Bg3 d6 10. Bb5+ Bd7 11. O-O-O a6 12. Bxd7+ Qxd7 13. Qxf6 Rh7 14. Rhe1
Bg7 15. Qf3 O-O-O 16. e5 Kb8 17. exd6 cxd6 18. Qd3 f5 19. Bxd6+ Kb7 20. Qd5+
Ka7 21. Rd3 Bf6 22. Red1 Qc8 23. Bb8+ Kxb8 24. Qxd8 Bxd8 25. Rxd8 Qxd8 26.
Rxd8+ Kc7 27. Rd5 Rf7 28. Kd2 b5 29. Nxb5+ axb5 30. Rxb5 Kc6 31. a4 Rd7+ 32.
Ke3 Rd5 33. c4 Rxb5 34. axb5+ Kc5 35. Kd3 h5 36. Kc3 g4 37. Kb3 h4 38. Ka4 Kb6
39. Kb4 f4 40. c5+ Kb7 41. Ka5 g3 42. hxg3 hxg3 43. fxg3 fxg3 44. c6+ Ka7 45.
b6+ Kb8 46. Ka6 Ka8 47. b4 Kb8 48. c7+ Kc8 49. Ka7 Kd7 50. b7 Kxc7 51. b8=Q+
Kc6 52. Qb6+ Kd5 53. Qc7 Ke4 54. Kb6 Kd5 55. Qxg3 Kd4 56. Qg5 Ke4 57. Kc5 Kd3
58. Qf4 Ke2 59. Qg3 Kd2 60. Kd4 Ke2 61. Qe3+ Kf1 62. Kd3 Kxg2 63. Qf4 Kg1 64.
Qd2 Kf1 65. Ke3 Kg1 66. Kf3 Kh1 67. Qg2# 1-0

[Event "DVM U14w 2011"]
[Site "Arendsee (Altmark) GER"]
[Date "2011.12.27"]
[Round "1"]
[White "Schneider, Anna"]
[Black "Weiten, Teresa"]
[Result "1-0"]
[Termination "normal"]
[Board "9.4"]
[WhiteElo "964"]
[BlackElo "728"]
[WhiteTeam "Turm Lahnstein"]
[BlackTeam "SV 1926 Riegelsberg"]
[BlackFideId "12971944"]
[EventCountry "GER"]
[EventRounds "7"]
[EventType "team-swiss"]
[EventDate "2011.12.26"]

1. e4 e5 2. Nf3 Nc6 3. Bc4 Nf6 4. d3 Be7 5. Nc3 Bc5 6. O-O d6 7. h3 O-O 8. Bg5
h6 9. Bh4 Qe7 10. Nd5 Qd8 11. Qd2 Be6 12. Nxf6+ gxf6 13. Qxh6 d5 14. Bxf6 Qxf6
15. Qxf6 dxc4 16. Ng5 Be7 17. Qh6 Bxg5 18. Qxg5+ Kh7 19. Qh5+ Kg7 20. f4 Rh8
21. Qg5+ Kh7 22. Rf3 Rag8 23. Qh4+ Kg7 24. Qf2 Nd4 25. Rg3+ Kh7 26. Rxg8 Rxg8
27. f5 Bd7 28. c3 Nc6 29. Re1 cxd3 30. Re3 Kg7 31. Rg3+ Kf8 32. Rxg8+ Kxg8 33.
f6 Be6 34. Qd2 Bc4 35. b3 Ba6 36. c4 Nd4 37. Qxd3 b5 38. cxb5 Bxb5 39. Qg3+ Kf8
40. Qg7+ Ke8 41. Qg8+ Kd7 42. Qxf7+ Kd6 43. Qe7+ Kc6 44. Qxe5 Ne2+ 45. Kf2 Nc1
46. Qc3+ Kd6 47. Qxc1 Ke6 48. Qxc7 Kxf6 49. Qxa7 Ke5 50. Qc5+ Kxe4 51. Qxb5 Kd4
52. Qc4+ Ke5 53. Kf3 Kd6 54. Qb5 Ke6 55. Kf4 Kd6 56. Kf5 Kc7 57. Qa6 Kd7 58.
Kf6 Kc7 59. Ke6 Kb8 60. Qb6+ Ka8 61. Qb4 Ka7 62. Kd6 Ka8 63. Kc6 Ka7 64. Qb7#
1-0

[Event "DVM U14w 2011"]
[Site "Arendsee (Altmark) GER"]
[Date "2011.12.27"]
[Round "2"]
[White "Kempe, Anne"]
[Black "Diederichs, Luise"]
[Result "1/2-1/2"]
[Termination "normal"]
[Board "1.1"]
[WhiteElo "1648"]
[BlackElo "1753"]
[WhiteTeam "Chemnitzer SC Aufbau '95"]
[BlackTeam "Tura Harksheide"]
[WhiteFideId "12918083"]
[BlackFideId "24661597"]
[EventCountry "GER"]
[EventRounds "7"]
[EventType "team-swiss"]
[EventDate "2011.12.26"]

1. e4 e6 2. d4 d5 3. Nc3 Nf6 4. Bg5 Be7 5. e5 Nfd7 6. Bxe7 Qxe7 7. Qg4 O-O 8.
Bd3 f5 9. Qf4 a6 10. Nf3 c5 11. O-O Nc6 12. Rfe1 b5 13. a3 c4 14. Bf1 Nb6 15.
g3 Bd7 16. Rad1 Rab8 17. Ne2 Rfc8 18. Qe3 Na4 19. Rb1 a5 20. Nf4 b4 21. Rec1 c3
22. b3 Nb6 23. a4 Nd8 24. Nd3 Nb7 25. Re1 1/2-1/2

[Event "DVM U14w 2011"]
[Site "Arendsee (Altmark) GER"]
[Date "2011.12.27"]
[Round "2"]
[White "Schramm, Anna-Lena"]
[Black "Hartewig, Anja"]
[Result "0-1"]
[Termination "normal"]
[Board "1.2"]
[WhiteElo "1322"]
[BlackElo "1607"]
[WhiteTeam "Tura Harksheide"]
[BlackTeam "Chemnitzer SC Aufbau '95"]
[WhiteFideId "12918237"]
[BlackFideId "12917966"]
[EventCountry "GER"]
[EventRounds "7"]
[EventType "team-swiss"]
[EventDate "2011.12.26"]

1. e4 d6 2. Nf3 Nf6 3. Nc3 g6 4. d3 Bg7 5. Be2 c6 6. Be3 b5 7. a3 O-O 8. O-O
Nbd7 9. d4 a6 10. Bd3 Bb7 11. Re1 c5 12. dxc5 Nxc5 13. Bxc5 dxc5 14. b3 Ng4 15.
e5 Bxf3 16. gxf3 Nxe5 17. Rb1 Nxd3 18. Qxd3 Qxd3 19. cxd3 Bxc3 20. Rxe7 Rfd8
21. Rd1 Rd6 22. Rc7 Bd4 23. Kg2 Re6 24. b4 cxb4 25. axb4 Re2 26. Rd7 Bxf2 27.
Kf1 Rb2 28. d4 Bh4 29. d5 Rd8 30. Rxd8+ Bxd8 31. Ke1 Rxh2 32. Rd2 Rxd2 33. Kxd2
Kf8 34. Kd3 Ke7 35. Kd4 Kd6 36. Ke4 h5 37. Kf4 Kxd5 38. Kg3 Kc4 39. Kf2 Kxb4
40. Ke2 h4 41. Kf2 a5 42. Kg2 a4 43. Kh3 a3 44. Kg4 a2 45. Kf4 a1=Q 46. Kg4 f5+
47. Kf4 Qd4# 0-1

[Event "DVM U14w 2011"]
[Site "Arendsee (Altmark) GER"]
[Date "2011.12.27"]
[Round "2"]
[White "Nitzsche, Pia"]
[Black "Köhler, Inken"]
[Result "1-0"]
[Termination "normal"]
[Board "1.3"]
[WhiteElo "1543"]
[BlackElo "1261"]
[WhiteTeam "Chemnitzer SC Aufbau '95"]
[BlackTeam "Tura Harksheide"]
[WhiteFideId "12900370"]
[BlackFideId "12929301"]
[EventCountry "GER"]
[EventRounds "7"]
[EventType "team-swiss"]
[EventDate "2011.12.26"]

1. c4 c6 2. Nc3 d5 3. cxd5 cxd5 4. d4 Nf6 5. Nf3 Nc6 6. Bf4 Bf5 7. e3 e6 8. Be2
Bb4 9. a3 Ba5 10. b4 Bc7 11. Bxc7 Qxc7 12. Rc1 O-O 13. O-O a6 14. Qb3 Qd6 15.
b5 axb5 16. Nxb5 Na5 17. Qb2 Qb6 18. a4 Nc4 19. Bxc4 dxc4 20. Qa3 Qa5 21. Rxc4
Rfd8 22. Nd6 Qa6 23. Nxf5 Qxc4 24. Ne7+ Kh8 25. Ne5 Qxf1+ 26. Kxf1 Rf8 27. Qc5
h6 28. Qb4 Kh7 29. h4 h5 30. f3 g6 31. g4 hxg4 32. fxg4 Ne4 33. h5 gxh5 34.
gxh5 Ng3+ 35. Ke1 Nxh5 36. Qb1+ Kg7 37. Qxb7 Kf6 38. Nd7+ 1-0

[Event "DVM U14w 2011"]
[Site "Arendsee (Altmark) GER"]
[Date "2011.12.27"]
[Round "2"]
[White "Fröhlich, Jonna"]
[Black "Dietrich, Michelle"]
[Result "0-1"]
[Termination "normal"]
[Board "1.4"]
[WhiteElo "789"]
[BlackElo "1041"]
[WhiteTeam "Tura Harksheide"]
[BlackTeam "Chemnitzer SC Aufbau '95"]
[EventCountry "GER"]
[EventRounds "7"]
[EventType "team-swiss"]
[EventDate "2011.12.26"]

1. e4 e5 2. Nf3 Nf6 3. Nc3 d6 4. Bc4 Bg4 5. O-O Nbd7 6. Qe1 Bxf3 7. gxf3 Nh5 8.
d3 Be7 9. Kh1 Bg5 10. Bxg5 Qxg5 11. Rg1 Qf4 12. Qe2 O-O-O 13. Rg4 Qf6 14. Rag1
g6 15. Qe3 b6 16. a4 Qe7 17. Nd5 Qe8 18. Ba6+ Kb8 19. Qd2 Nhf6 20. Nxf6 Nxf6
21. R4g2 Qxa4 22. Bc4 d5 23. exd5 Nxd5 24. Rc1 Nf4 25. Rgg1 Qxc4 26. b3 Qc6 27.
Ra1 Qxf3+ 28. Rg2 Qxg2# 0-1

[Event "DVM U14w 2011"]
[Site "Arendsee (Altmark) GER"]
[Date "2011.12.27"]
[Round "2"]
[White "Halas, Lena"]
[Black "Höschen, Franziska"]
[Result "1/2-1/2"]
[Termination "normal"]
[Board "2.1"]
[WhiteElo "1592"]
[BlackElo "1377"]
[WhiteTeam "USG Chemnitz"]
[BlackTeam "SF Paderborn"]
[WhiteFideId "12931799"]
[EventCountry "GER"]
[EventRounds "7"]
[EventType "team-swiss"]
[EventDate "2011.12.26"]

1. e4 c5 2. Nf3 Nc6 3. d4 cxd4 4. Nxd4 g6 5. Nc3 Bg7 6. Nb3 Nf6 7. Be3 O-O 8.
f3 h6 9. Qd2 Kh7 10. O-O-O d6 11. g4 h5 12. gxh5 Nxh5 13. Be2 Bd7 14. Qe1 Rh8
15. Bc4 Kg8 16. Rg1 Kf8 17. Nd5 Nf6 18. Nxf6 Bxf6 19. Qg3 Ne5 20. Be2 a6 21. f4
Nc6 22. Rh1 Na5 23. Kb1 Nxb3 1/2-1/2

[Event "DVM U14w 2011"]
[Site "Arendsee (Altmark) GER"]
[Date "2011.12.27"]
[Round "2"]
[White "Bürger, Jessica"]
[Black "Oltmanns, Bianca"]
[Result "1/2-1/2"]
[Termination "normal"]
[Board "2.2"]
[WhiteElo "1270"]
[BlackElo "1672"]
[WhiteTeam "SF Paderborn"]
[BlackTeam "USG Chemnitz"]
[WhiteFideId "12917974"]
[BlackFideId "24698008"]
[EventCountry "GER"]
[EventRounds "7"]
[EventType "team-swiss"]
[EventDate "2011.12.26"]

1. e4 e6 2. d4 d5 3. exd5 exd5 4. Nf3 Bd6 5. Nc3 Ne7 6. h3 Nbc6 7. Bb5 Bd7 8.
O-O a6 9. Ba4 O-O 10. Bb3 Be6 11. Be3 Qd7 12. Ng5 Nb8 13. Nxe6 Qxe6 14. Qf3 c6
15. Ne2 Qc8 16. Bf4 Qc7 17. Bxd6 Qxd6 18. c3 Nd7 19. Bc2 Nf6 20. Nf4 Rfe8 21.
Rfe1 b6 22. Nh5 Nxh5 23. Qxh5 Ng6 24. Qg4 Re7 25. Re3 Rae8 26. Rae1 c5 27. Bxg6
hxg6 28. Rxe7 Rxe7 29. Rxe7 1/2-1/2

[Event "DVM U14w 2011"]
[Site "Arendsee (Altmark) GER"]
[Date "2011.12.27"]
[Round "2"]
[White "Kluge, Leyla"]
[Black "Schrödter, Lisa"]
[Result "1-0"]
[Termination "normal"]
[Board "2.3"]
[WhiteElo "1565"]
[BlackElo "1104"]
[WhiteTeam "USG Chemnitz"]
[BlackTeam "SF Paderborn"]
[WhiteFideId "12918172"]
[EventCountry "GER"]
[EventRounds "7"]
[EventType "team-swiss"]
[EventDate "2011.12.26"]

1. c4 e5 2. Nc3 Nf6 3. d3 Bb4 4. Bd2 Nc6 5. Nf3 O-O 6. g3 Re8 7. Bg2 d6 8. a3
Bxc3 9. Bxc3 Be6 10. Qc2 d5 11. Bxe5 h6 12. O-O Ng4 13. Bf4 Qd7 14. b4 dxc4 15.
dxc4 Bf5 16. Qd1 Qxd1 17. Raxd1 Rxe2 18. h3 Nf6 19. Bxc7 Ra2 20. b5 Ne7 21. Bd6
Nc8 22. Bb4 Nb6 23. Ne5 Re8 24. Rfe1 Nbd7 25. Nxd7 Rxe1+ 26. Rxe1 Nxd7 27. g4
Bd3 28. Rd1 Ne5 29. f4 Bxc4 30. fxe5 b6 31. Bd5 Rc2 32. Be4 g6 33. Bxc2 Bxb5
34. Rd8+ Kg7 35. Be7 a5 36. Bf6+ Kh7 37. Rh8# 1-0

[Event "DVM U14w 2011"]
[Site "Arendsee (Altmark) GER"]
[Date "2011.12.27"]
[Round "2"]
[White "Thölke, Nina"]
[Black "Jentzsch, Juliane"]
[Result "0-1"]
[Termination "normal"]
[Board "2.4"]
[WhiteElo "1013"]
[BlackElo "1227"]
[WhiteTeam "SF Paderborn"]
[BlackTeam "USG Chemnitz"]
[EventCountry "GER"]
[EventRounds "7"]
[EventType "team-swiss"]
[EventDate "2011.12.26"]

1. e4 c5 2. Nf3 Nc6 3. Bc4 g6 4. d3 Bg7 5. O-O Nf6 6. Nc3 O-O 7. Bf4 e6 8. Bd6
Re8 9. Bxc5 d6 10. Be3 d5 11. Bb5 Bd7 12. Bg5 Qb6 13. e5 Ng4 14. d4 Nh6 15. Qd2
Nf5 16. Qd3 Nb4 17. Qd2 Bxb5 18. Nxb5 Qxb5 19. c3 Nc6 20. a4 Qc4 21. Qc2 Na5
22. b3 Qxb3 23. Rab1 Qxc2 24. Rfc1 Qxa4 25. Ra1 Qb5 26. Rcb1 Qd3 27. Ne1 Qxc3
28. Nf3 b6 29. Rc1 Qd3 30. h3 Qa6 31. Rc7 Rec8 32. Rac1 Nb3 33. R1c3 Nbxd4 34.
g4 Rxc7 35. Rxc7 Nxf3+ 36. Kg2 Nxg5 37. gxf5 exf5 38. Rd7 Bxe5 39. Rxd5 Qb7 40.
f4 Bxf4 41. Kf2 Qxd5 42. Ke2 Re8+ 43. Kf2 Re3 44. Kg1 Qd2 45. Kf1 Re1# 0-1

[Event "DVM U14w 2011"]
[Site "Arendsee (Altmark) GER"]
[Date "2011.12.27"]
[Round "2"]
[White "Siegl, Melina"]
[Black "Mehling, Katharina"]
[Result "1/2-1/2"]
[Termination "normal"]
[Board "3.1"]
[WhiteElo "1771"]
[BlackElo "1663"]
[WhiteTeam "SC 1923 Bechhofen"]
[BlackTeam "SpVgg Stetten"]
[WhiteFideId "1272126"]
[BlackFideId "12900362"]
[EventCountry "GER"]
[EventRounds "7"]
[EventType "team-swiss"]
[EventDate "2011.12.26"]

1. e4 e6 2. d3 d5 3. Nd2 Nf6 4. g3 b6 5. Bg2 Bb7 6. Qe2 c5 7. Ngf3 Nc6 8. O-O
Be7 9. Re1 Qc7 10. e5 Nd7 11. Nf1 h6 12. h3 O-O-O 13. Bd2 Kb8 14. a3 b5 15. b3
Nb6 16. c4 dxc4 17. bxc4 bxc4 18. dxc4 Nd4 19. Nxd4 Rxd4 1/2-1/2